Thi pháp thơ Đường
v.v...
Đã lưu trong:
| Tác giả chính: | |
|---|---|
| Định dạng: | Sách |
| Năm xuất bản: |
Huế
Đại học Huế
1995
|
| Chủ đề: | |
| Tags: |
Thêm thẻ
Không có thẻ, Hãy là người đầu tiên gắn thẻ bản ghi này!
|
| LEADER | 02579nam a2200289 4500 | ||
|---|---|---|---|
| 082 | |a 895.11 |b NG527TH | ||
| 100 | |a Nguyễn Thị Bích Hải | ||
| 245 | |a Thi pháp thơ Đường |c Nguyễn Thị Bích Hải | ||
| 260 | |a Huế |b Đại học Huế |c 1995 | ||
| 300 | |a 66 tr. |c 24 cm | ||
| 500 | |a ĐTTS ghi: Đại học Huế. Trung tâm Đào tạo từ xa | ||
| 520 | |a v.v... | ||
| 653 | |a Văn học | ||
| 653 | |a Trung Quốc | ||
| 653 | |a Thơ | ||
| 942 | |2 ddc |c STK0 | ||
| 999 | |c 2483 |d 2483 | ||
| 952 | |0 0 |1 0 |2 ddc |4 0 |6 895_110000000000000_NG527TH |7 1 |8 800 |9 31694 |a qbu |b qbu |c D5 |d 2014-12-14 |g 12000 |l 2 |o 895.11 NG527TH |p 3683.c1 |r 2017-09-06 |s 2017-08-24 |w 2014-12-14 |y STK0 |0 0 |6 895_110000000000000_NG527TH | ||
| 952 | |0 0 |1 0 |2 ddc |4 0 |6 895_110000000000000_NG527TH |7 0 |8 800 |9 31695 |a qbu |b qbu |c D5 |d 2014-12-14 |g 12000 |l 1 |o 895.11 NG527TH |p 3683.c2 |r 2015-05-20 |s 2015-05-19 |w 2014-12-14 |y STK0 |0 0 |6 895_110000000000000_NG527TH | ||
| 952 | |0 0 |1 0 |2 ddc |4 0 |6 895_110000000000000_NG527TH |7 0 |8 800 |9 31696 |a qbu |b qbu |c D5 |d 2014-12-14 |g 12000 |l 7 |m 2 |o 895.11 NG527TH |p 3683.c3 |r 2017-11-28 |s 2017-11-10 |w 2014-12-14 |y STK0 |0 0 |6 895_110000000000000_NG527TH | ||
| 952 | |0 0 |1 0 |2 ddc |4 0 |6 895_110000000000000_NG527TH |7 0 |8 800 |9 31697 |a qbu |b qbu |c D5 |d 2014-12-14 |g 12000 |l 6 |m 3 |o 895.11 NG527TH |p 3683.c4 |r 2020-12-29 |s 2020-12-07 |w 2014-12-14 |y STK0 |0 0 |6 895_110000000000000_NG527TH | ||
| 952 | |0 0 |1 0 |2 ddc |4 0 |6 895_110000000000000_NG527TH |7 0 |8 800 |9 31698 |a qbu |b qbu |c D5 |d 2014-12-14 |g 12000 |l 2 |m 1 |o 895.11 NG527TH |p 3683.c5 |r 2021-01-04 |s 2020-12-07 |w 2014-12-14 |y STK0 |0 0 |6 895_110000000000000_NG527TH | ||
| 952 | |0 0 |1 0 |2 ddc |4 0 |6 895_110000000000000_NG527TH |7 0 |8 800 |9 31699 |a qbu |b qbu |c D5 |d 2014-12-14 |g 12000 |l 4 |m 2 |o 895.11 NG527TH |p 3683.c6 |r 2017-12-14 |s 2017-11-16 |w 2014-12-14 |y STK0 |0 0 |6 895_110000000000000_NG527TH | ||
| 952 | |0 0 |1 0 |2 ddc |4 0 |6 895_110000000000000_NG527TH |7 0 |8 800 |9 31700 |a qbu |b qbu |c D5 |d 2014-12-14 |g 12000 |l 3 |m 2 |o 895.11 NG527TH |p 3683.c7 |r 2017-12-15 |s 2017-11-22 |w 2014-12-14 |y STK0 |0 0 |6 895_110000000000000_NG527TH | ||
| 952 | |0 0 |1 0 |2 ddc |4 0 |6 895_110000000000000_NG527TH |7 0 |8 800 |9 31701 |a qbu |b qbu |c D5 |d 2014-12-14 |g 12000 |l 2 |o 895.11 NG527TH |p 3683.c8 |r 2015-05-20 |s 2015-05-20 |w 2014-12-14 |y STK0 |0 0 |6 895_110000000000000_NG527TH | ||
| 952 | |0 0 |1 0 |2 ddc |4 0 |6 895_110000000000000_NG527TH |7 0 |8 800 |9 31702 |a qbu |b qbu |c D5 |d 2014-12-14 |g 12000 |l 2 |m 1 |o 895.11 NG527TH |p 3683.c9 |r 2017-11-30 |s 2017-11-10 |w 2014-12-14 |y STK0 |0 0 |6 895_110000000000000_NG527TH | ||
| 952 | |0 0 |1 0 |2 ddc |4 0 |6 895_110000000000000_NG527TH |7 0 |8 800 |9 71184 |a qbu |b qbu |c D5 |d 2015-04-21 |g 12000 |l 2 |o 895.11 NG527TH |p 3683.c10 |r 2017-08-31 |s 2017-08-24 |w 2015-04-21 |y STK0 |0 0 |6 895_110000000000000_NG527TH | ||